Engineering mechanics statics and dynamics
保存先:
| 第一著者: | |
|---|---|
| フォーマット: | 図書 |
| 言語: | Undetermined |
| 出版事項: |
New Delhi
Tata McGraw-Hill
2005
|
| 主題: | |
| タグ: |
タグ追加
タグなし, このレコードへの初めてのタグを付けませんか!
|
| Thư viện lưu trữ: | Trung tâm Học liệu Trường Đại học Cần Thơ |
|---|
| LEADER | 00517nam a2200193Ia 4500 | ||
|---|---|---|---|
| 001 | CTU_87487 | ||
| 008 | 210402s9999 xx 000 0 und d | ||
| 020 | |c 192000 | ||
| 082 | |a 620.1 | ||
| 082 | |b P154 | ||
| 100 | |a MS Palanichamy | ||
| 245 | 0 | |a Engineering mechanics statics and dynamics | |
| 245 | 0 | |c MS Palanichamy, S Nagan | |
| 260 | |a New Delhi | ||
| 260 | |b Tata McGraw-Hill | ||
| 260 | |c 2005 | ||
| 650 | |a mechanics, applied | ||
| 904 | |i Giang | ||
| 980 | |a Trung tâm Học liệu Trường Đại học Cần Thơ | ||